My Singing Monsters by class - Statistics

General Stats
  • This quiz has been taken 20 times
  • The average score is 78 of 228
Answer Stats
Class Answer % Correct
Ethereal Ghazt
100%
Dipsters Re
100%
Ethereal Reebro
90%
Dipsters Do
80%
Dipsters Fa
80%
Ethereal Grumpyre
80%
Dipsters La
80%
Dipsters Mi
80%
Dipsters Sol
80%
Dipsters Ti
80%
Ethereal Humbug
70%
Legendary Shugabeats
70%
Legenday Shugabush
70%
Seasonal Blabbit
60%
Ethereal Boodoo
60%
Seasonal Hoola
60%
Ethereal Jeeode
60%
Seasonal Punkleton
60%
Legendary Shugabass
60%
Legendary Shugitar
60%
Seasonal Yool
60%
Mythical / Dreamythical Anglow
50%
Celestial Attmoz
50%
Ethereal Auglur
50%
Ethereal Blarret
50%
Seasonal Boo'qwurm
50%
Mythical / Dreammythical Cataliszt
50%
Mythical / Dreammythical G'joob
50%
Magical Gob
50%
Seasonal Gobbleygourd
50%
Fire Kayna
50%
Legendary Maggpi
50%
Natural Mammot
50%
Ethereal Meebkin
50%
Natural Noggin
50%
Titansoul Phosphoran Phlox
50%
Celestial Plixie
50%
Natural Potbelly
50%
Seasonal Schmoochle
50%
Legendary Shugabuzz
50%
Legendary Shugajo
50%
Legendary Shugavox
50%
Seasonal Spurrit
50%
Legendary Tawkerr
50%
Natural Toe Jammer
50%
Natural Tweedle
50%
Ethereal Whisp
50%
Ethereal X'rt
50%
Ethereal Arackulele
40%
Ethereal Bellowfish
40%
Ethereal BeMeebEth
40%
Supernatural Brump
40%
Mythical / Dreammythical Cranchee
40%
Titansoul Cruv'laaphtian Crocus
40%
Supernatural Dermit
40%
Seasonal Ffidyll
40%
Fire Flowah
40%
Celestial Galvana
40%
Fire Glowl
40%
Celestial Hornacle
40%
Ethereal Jellbilly
40%
Mythical / Dreammythical Knurv
40%
Natural Maw
40%
Seasonal Monculus
40%
Ethereal Nebulob
40%
Natural Pango
40%
Legenday Parlsona
40%
Natural PomPom
40%
Natural Pummel
40%
Natural Quibble
40%
Celestial Scaratar
40%
Legendary Shugarock
40%
Ethereal Sox
40%
Legendary Stoowarb
40%
Mythical / Dreammythical Strombonin
40%
Fire Tring
40%
Natural T-Rox
40%
Celestial Vhamp
40%
Mythical / Dreammythical Wheezel
40%
Seasonal Whiz-Bang
40%
Mythical / Dreammythical Yawstrisch
40%
Supernatural Zynth
40%
Parinormal Arcorina
30%
Fire Barrb
30%
Supernatural Blipsqueak
30%
Supernatural Bona-petite
30%
Fire Boskus
30%
Natural Bowgart
30%
Fire Bowhead
30%
Mythical / Dreammythical Buzzinga
30%
Seasonal Carillong
30%
Natural Clamble
30%
Seasonal Clavavera
30%
Natural Congle
30%
Natural Cybop
30%
Parinormal Dakktyl
30%
Natural Dandidoo
30%
Natural Deedge
30%
Ethereal Dragong
30%
Natural Drumpler
30%
Natural Entbrat
30%
Supernatural Fleechwurm
30%
Ethereal Fung Pray
30%
Natural Furcorn
30%
Celestial Furnoss
30%
Natural Fwog
30%
Magical G'day
30%
Supernatural Gheegur
30%
Celestial Glaishur
30%
Parinormal Hairionette
30%
Seasonal Jam Boree
30%
Parinormal Jerm
30%
Ethereal Kazilleon
30%
Fire Krillby
30%
Celestial Loodvigg
30%
Supernatural Maulch
30%
Ethereal Nitebear
30%
Parinormal Owlesque
30%
Fire Phangler
30%
Mythical / Dreamythical Pinghound
30%
Ethereal Piplash
30%
Supernatural Pixolotl
30%
Supernatural Poewk
30%
Natural Quarrister
30%
Natural Reedling
30%
Ethereal Rhysmuth
30%
Parinormal Scallyrags
30%
Supernatural Scargo
30%
Parinormal Shhimmer
30%
Fire Sneyser
30%
Mythical / Dreammythical Sporerow
30%
Fire Stogg
30%
Magical Theremind
30%
Fire Thrumble
30%
Natural Thumpies
30%
Supernatural Thwok
30%
Magical TooToo
30%
Ethereal Vhenshun
30%
Seasonal Viveine
30%
Fire Whaddle
30%
Supernatural Whajje
30%
Fire Woolabee
30%
Supernatural Wubbox
30%
Fire Wynq
30%
Fire Yelmut
30%
Fire Ziggurab
30%
Supernatural Zuuker
30%
Supernatural Astropod
20%
Magical Banjaw
20%
Fire Bisonorus
20%
Celestial Blasoom
20%
Mythical / Dreammythical Bleatnik
20%
Magical Blow't
20%
Primordial Bogle
20%
Magical Bonkers
20%
Magical Bridg-it
20%
Magical Bulbo
20%
Magical Cahoot
20%
Fire Candelavra
20%
Magical Cantorell
20%
Mythical / Dreammythical Cherruble
20%
Magical Clackula
20%
Magical Clavi-gnat
20%
Supernatural Creepuscule
20%
Magical Deja-Jin
20%
Magical Denchuhs
20%
Fire Drummidary
20%
Supernatural Dwumrohl
20%
Fire Edamimi
20%
Magical Enchantling
20%
Magical Fiddlement
20%
Ethereal Flasque
20%
Fire Floogull
20%
Magical Floot Fly
20%
Fire Flum Ox
20%
Magical Fluoress
20%
Magical Frondley
20%
Ethereal Gaddzooks
20%
Magical Gloptic
20%
Fire Gnarls
20%
Magical Hawlo
20%
Magical HippityHop
20%
Fire Incisaur
20%
Magical Knucklehead
20%
Magical Larvaluss
20%
Primordial Lowb
20%
Natural Mimic
20%
Magical Mushaboom
20%
Natural Oaktopus
20%
Ethereal Oogiddy
20%
Magical Osstax
20%
Magical Peckidna
20%
Ethereal Pentumbra
20%
Magical Periscorp
20%
Magical Pladdie
20%
Magical Plinkajou
20%
Magical Pluckbill
20%
Fire PongPing
20%
Magical Poppette
20%
Fire Repatillo
20%
Natural Riff
20%
Magical Roarick
20%
Magical Rooba
20%
Fire Rootitoot
20%
Supernatural Screamu
20%
Natural Scups
20%
Natural Shellbeat
20%
Mythical / Dreammythical shLep
20%
Natural Shrubb
20%
Fire Sooza
20%
Natural Spunge
20%
Magical Spytrap
20%
Magical Squot
20%
Celestial Syncopite
20%
Magical Tapricorn
20%
Ethereal Teeter-Tauter
20%
Fire Tiawa
20%
Celestial Torrt
20%
Fire Tuskski
20%
Supernatural Tympa
20%
Magical Uuduk
20%
Ethereal Whaill
20%
Magical Wimmzies
20%
Magical Withur
20%
Magical Xyster
20%
Ethereal Yooreek
20%
Magical Yuggler
20%
Mythical / Dreammythical Hyhehe
10%
No matching quizzes found
Score Distribution
Percent of People with Each Score
Percentile by Number Answered
Your Score History
You have not taken this quiz